SCP's 002-100 Names - Statistics

General Stats
  • This quiz has been taken 71 times
    68 since last reset
  • The average score is 23 of 99
Answer Stats
Hint Answer % Correct
SCP-002 The "Living" Room
89%
SCP-096 The "Shy Guy"
76%
SCP-049 Plague Doctor
72%
SCP-005 Skeleton Key
67%
SCP-003 Biological Motherboard
63%
SCP-008 Zombie Plague
61%
SCP-006 Fountain of Youth
57%
SCP-076 "Able"
54%
SCP-073 "Cain"
54%
SCP-009 Red Ice
54%
SCP-055 [unknown]
48%
SCP-035 Possessive Mask
46%
SCP-087 The Stairwell
46%
SCP-007 Abdominal Planet
43%
SCP-015 Pipe Nightmare
41%
SCP-004 The 12 Rusty Keys and the Door
41%
SCP-066 Eric's Toy
37%
SCP-079 Old AI
37%
SCP-053 Young Girl
35%
SCP-010 Collars of Control
33%
SCP-027 The Vermin God
33%
SCP-012 A Bad Composition
30%
SCP-023 Black Shuck
30%
SCP-017 Shadow Person
30%
SCP-020 Unseen Mold
30%
SCP-013 Blue Lady Cigarettes
28%
SCP-093 Red Sea Object
28%
SCP-034 Obsidian Ritual Knife
26%
SCP-016 Sentient Micro-Organism
26%
SCP-021 Skin Wyrm
26%
SCP-048 The Cursed SCP Number
26%
SCP-019 The Monster Pot
26%
SCP-054 Water Nymph
26%
SCP-032 Brothers' Bride
24%
SCP-011 Sentient Civil War Memorial Statue
24%
SCP-018 Super Ball
24%
SCP-014 The Concrete Man
24%
SCP-025 A Well-Worn Wardrobe
22%
SCP-058 Heart of Darkness
22%
SCP-028 Knowledge
22%
SCP-033 The Missing Number
22%
SCP-022 The Morgue
22%
SCP-029 Daughter of Shadows
20%
SCP-040 Evolution's Child
20%
SCP-024 Game Show of Death
20%
SCP-070 Iron Wings
20%
SCP-091 Nostalgia
20%
SCP-038 The Everything Tree
20%
SCP-075 Corrosive Snail
17%
SCP-082 "Fernand" the Cannibal
17%
SCP-085 Hand-drawn "Cassy"
17%
SCP-100 "Jamaican Joe's Junkyard Jubilee"
17%
SCP-069 Second Chance
17%
SCP-052 Time-Travelling Train
17%
SCP-031 What is Love?
17%
SCP-026 Afterschool Retention
15%
SCP-037 Dwarf Star
15%
SCP-098 Surgeon Crabs
15%
SCP-067 The Artist's Pen
15%
SCP-030 The Homunculus
15%
SCP-099 The Portrait
15%
SCP-050 To The Cleverest
15%
SCP-056 A Beautiful Person
13%
SCP-042 A Formerly Winged Horse
13%
SCP-059 Radioactive Mineral
13%
SCP-044 World War II Era Molecular-Fission Cannon
13%
SCP-090 Apocorubik's Cube
11%
SCP-045 Atmospheric Converter
11%
SCP-094 Miniature Event Horizon
11%
SCP-062 "Quantum" Computer
11%
SCP-043 The Beatle
11%
SCP-057 The Daily Grind
11%
SCP-072 The Foot of the Bed
11%
SCP-088 The Lizard King
11%
SCP-063 "The World's Best TothBrush"
11%
SCP-061 Auditory Mind Control
9%
SCP-080 Dark Form
9%
SCP-078 Guilt
9%
SCP-060 Infernal Occult Skeleton
9%
SCP-047 Microbial Mutagen
9%
SCP-097 Old Fairgrounds
9%
SCP-046 "Predatory" Holly Bush
9%
SCP-095 The Atomic Adventures of RonnieRay-Gun
9%
SCP-036 The Reincarnation Pilgrimage ofthe Yazidi
9%
SCP-068 The Wire Figure
9%
SCP-041 Thought-Broadcasting Patient
9%
SCP-089 Tophet
9%
SCP-071 Degenerative Metamorphic Entity
7%
SCP-051 Japanese Obstetrical Model
7%
SCP-074 Quantum Woodlouse
7%
SCP-077 Rot Skull
7%
SCP-081 Spontaneous Combustion Virus
7%
SCP-086 The Office of Dr. [REDACTED]
7%
SCP-083 An Abandoned Row Home
4%
SCP-065 Destroyed Organic Catalyst
4%
SCP-064 Flawed von Neumann Structure
4%
SCP-084 Static Tower
4%
SCP-092 "The Best of The 5th Dimension"
4%
SCP-039 Proboscis Engineers
2%
No matching quizzes found
Score Distribution
Percent of People with Each Score
Percentile by Number Answered
Your Score History
You have not taken this quiz since the last reset